000 00467nam a2200145 i 4500
001 bg
100 1 _aPUŁACZEWSKI, Jerzy
245 0 _aPodstawy teoretyczne regulacji :
_bporadnik dla technika automatyka /
_cJerzy Pułaczewski.
260 _aWarszawa,
_c1975.
040 _cBPK
041 _apol
942 _cKS
008 s pl f |000 0 pol
856 _uhttp://koha.tu.koszalin.pl/cgi-bin/koha/opac-detail.pl?biblionumber=16722
_yKatalog online BPK
999 _c16722
_d16722